<?xml version="1.0" encoding="UTF-8"?>
<record
    xmlns:xsi="http://www.w3.org/2001/XMLSchema-instance"
    xsi:schemaLocation="http://www.loc.gov/MARC21/slim http://www.loc.gov/standards/marcxml/schema/MARC21slim.xsd"
    xmlns="http://www.loc.gov/MARC21/slim">

  <leader>00420cas a2200157 a 4500</leader>
  <datafield tag="022" ind1=" " ind2=" ">
    <subfield code="a">0184-0266</subfield>
  </datafield>
  <datafield tag="040" ind1=" " ind2=" ">
    <subfield code="c">LUU</subfield>
  </datafield>
  <datafield tag="082" ind1="0" ind2="0">
    <subfield code="a">551 C.J U 2001 A081 Or.</subfield>
  </datafield>
  <datafield tag="245" ind1="0" ind2="0">
    <subfield code="a">M&#xA9;&#x266D;moires de biosp&#xA9;&#x266D;ologie</subfield>
  </datafield>
  <datafield tag="260" ind1=" " ind2=" ">
    <subfield code="a">Moulis, Saint Girons :</subfield>
    <subfield code="b">C. Juberthie,</subfield>
    <subfield code="c">-2001</subfield>
  </datafield>
  <datafield tag="300" ind1=" " ind2=" ">
    <subfield code="a">v. :</subfield>
    <subfield code="b">ill. ;</subfield>
    <subfield code="c">30 cm</subfield>
  </datafield>
  <datafield tag="500" ind1=" " ind2=" ">
    <subfield code="a">Description based on: T. 10, published in 1983</subfield>
  </datafield>
  <datafield tag="650" ind1=" " ind2="0">
    <subfield code="a">Caves</subfield>
  </datafield>
  <datafield tag="650" ind1=" " ind2="0">
    <subfield code="a">Cave ecology</subfield>
  </datafield>
  <datafield tag="942" ind1=" " ind2=" ">
    <subfield code="c">EK</subfield>
  </datafield>
  <datafield tag="999" ind1=" " ind2=" ">
    <subfield code="c">15946</subfield>
    <subfield code="d">15946</subfield>
  </datafield>
  <datafield tag="952" ind1=" " ind2=" ">
    <subfield code="0">0</subfield>
    <subfield code="1">0</subfield>
    <subfield code="4">0</subfield>
    <subfield code="6">551_000000000000000_C_J_U_2001_A081_OR</subfield>
    <subfield code="7">0</subfield>
    <subfield code="9">69720</subfield>
    <subfield code="a">LBA</subfield>
    <subfield code="b">LBA</subfield>
    <subfield code="c">A081</subfield>
    <subfield code="d">2017-12-19</subfield>
    <subfield code="o">551 C.J U 2001 A081 Or.</subfield>
    <subfield code="p">A12147</subfield>
    <subfield code="r">2017-12-19</subfield>
    <subfield code="w">2017-12-19</subfield>
    <subfield code="y">EK</subfield>
  </datafield>
</record>
